| 000 | 00776nam a2200241Ia 4500 | ||
|---|---|---|---|
| 003 | OSt | ||
| 005 | 20221006143320.0 | ||
| 006 | a|||||r|||| 00| 0 | ||
| 007 | ta | ||
| 008 | 221006b |||||||| |||| 00| 0 eng d | ||
| 024 | _a8,637 | ||
| 037 |
_bGift, _cTextual |
||
| 040 |
_aEASL _cEASL _beng |
||
| 041 |
_2eng _aeng |
||
| 082 | _aX8(J).420g8, M3 | ||
| 100 |
_aGEORGE Aurelia _9649644 |
||
| 245 | 0 |
_aChanging pattens of Japan's agricultural import trade _b Implications for Australia |
|
| 260 |
_aAustralia _bResearch School of Pacific Studies _c1983 |
||
| 300 |
_a54p. _ccm. |
||
| 490 |
_v JEL _aAustralis-Japan Research CentrePacific Economic Papers No.100 |
||
| 942 |
_hX8(J).420g8, M3 _cTEXL _2CC |
||
| 999 |
_c1076723 _d1076723 |
||